Beatrix Potter and her paint box / David McPhail.
All her life, Beatrix Potter loved to paint. From a young age, she painted the bunnies, mice, and other pets who populated her family home. These characters later populated her stories, which are beloved the whole world over. With beautiful scenes rich in detail, David McPhail transports us to the charming, English countryside and the wonderful world of Beatrix Potter.
Record details
- ISBN: 9780805091700
- ISBN: 080509170X
- Physical Description: 40 pages : color illustrations ; 24 cm
- Edition: First edition.
- Publisher: New York : Henry Holt and Company, [2015]
Content descriptions
| Awards Note: | A Junior Library Guild Selection. |
Search for related items by subject
| Subject: | Potter, Beatrix, 1866-1943 > Juvenile literature. Authors, English > 20th century > Biography > Juvenile literature. Artists > Great Britain > Biography > Juvenile literature. Great Britain. |
| Genre: | Juvenile works. Picture books. Biographies. |
Available copies
- 1 of 1 copy available at scottsboropl.
Holds
- 0 current holds with 1 total copy.
Show Only Available Copies
| Location | Call Number / Copy Notes | Barcode | Shelving Location | Status | Due Date |
|---|---|---|---|---|---|
| scottsboropl | E 823.9 McP | 32269001185852 | Juvenile - Easy NonFiction | Available | - |
| LDR | 01210cam a2200313 i 4500 | ||
|---|---|---|---|
| 001 | 157686 | ||
| 003 | SBPL | ||
| 005 | 20220228210400.0 | ||
| 008 | 150223s2015 nyua j 000 0beng | ||
| 906 | . | ‡a7 ‡bcbc ‡corignew ‡d1 ‡eecip ‡f20 ‡gy-gencatlg | |
| 925 | 0 | . | ‡aacquire ‡b1 shelf copy ‡xpolicy default |
| 955 | . | ‡brk11 2015-02-23 ‡irk11 2015-02-23 to Dewey ‡wxl04 2015-02-23 ‡axn11 2015-09-11 1 copy rec'd., to CIP ver. ‡fxk02 2015-10-05 to CALM (telework) | |
| 010 | . | ‡a 2015003703 | |
| 020 | . | ‡a9780805091700 ‡q(hardcover) | |
| 020 | . | ‡a080509170X ‡q(hardcover) | |
| 035 | . | ‡a(OCoLC)904011808 ‡z(OCoLC)892701727 | |
| 050 | 0 | 0. | ‡aPR6031.O72 ‡bZ76 2015 |
| 082 | 0 | 0. | ‡a823/.912 ‡aB ‡223 |
| 100 | 1 | . | ‡aMcPhail, David, ‡d1940-: ‡eauthor. |
| 245 | 1 | 0. | ‡aBeatrix Potter and her paint box / ‡cDavid McPhail. |
| 250 | . | ‡aFirst edition. | |
| 264 | 1. | ‡aNew York : ‡bHenry Holt and Company, ‡c[2015] | |
| 300 | . | ‡a40 pages : ‡bcolor illustrations ; ‡c24 cm | |
| 336 | . | ‡atext ‡2rdacontent | |
| 337 | . | ‡aunmediated ‡2rdamedia | |
| 338 | . | ‡avolume ‡2rdacarrier | |
| 520 | . | ‡aAll her life, Beatrix Potter loved to paint. From a young age, she painted the bunnies, mice, and other pets who populated her family home. These characters later populated her stories, which are beloved the whole world over. With beautiful scenes rich in detail, David McPhail transports us to the charming, English countryside and the wonderful world of Beatrix Potter. | |
| 586 | 8 | . | ‡aA Junior Library Guild Selection. |
| 600 | 1 | 0. | ‡aPotter, Beatrix, ‡d1866-1943 ‡vJuvenile literature. |
| 650 | 0. | ‡aAuthors, English ‡y20th century ‡vBiography ‡vJuvenile literature. | |
| 650 | 0. | ‡aArtists ‡zGreat Britain ‡vBiography ‡vJuvenile literature. | |
| 651 | 0. | ‡aGreat Britain. | |
| 655 | 7. | ‡aJuvenile works. | |
| 655 | 7. | ‡aPicture books. ‡2lcgft | |
| 655 | 7. | ‡aBiographies. ‡2lcgft | |
| 901 | . | ‡a157686 ‡b ‡c157686 ‡tbiblio | |